| 000 | 00752nac a22002171u 4500 | ||
|---|---|---|---|
| 010 | _a 96009779 | ||
| 020 | _a013230368X | ||
| 082 | 0 | 0 |
_a005.133 _bAPT |
| 090 |
_c7527 _d7527 |
||
| 100 | _aApt, Krzysztof R., | ||
| 245 | 1 | 0 |
_aFrom logic programming to Prolog / _cKrzysztof R. Apt. |
| 260 |
_aLondon ; _aNew York : _bPrentice Hall,1997 _cc1997. |
||
| 300 |
_axviii, 328 p. : _bill. ; _c24 cm. |
||
| 440 | 0 | _aPrentice Hall international series in computer science | |
| 500 | _adistributer: Al-Ahram | ||
| 504 | _aIncludes bibliographical references and index. | ||
| 511 | _acatalogued by: wessam | ||
| 650 | 0 | _aLogic programming. | |
| 650 | 0 | _aProlog (Computer program language) | |
| 942 |
_cBB _k005.133APT |
||
| 999 |
_c7527 _d7527 |
||